AFCON-Gewinner - Statistiken

Allgemein
  • Dieses Quiz wurde 76 mal gespielt
    55 seit der letzten Aktualisierung
  • Das Durchschnittsergebnis liegt bei 29 aus 34
Antwortstatistiken
Hint Antwort % Korrekt
2010 Ägypten
98%
2008 Ägypten
98%
2006 Ägypten
98%
1998 Ägypten
98%
1986 Ägypten
98%
1959 Ägypten
98%
1957 Ägypten
98%
2021 Senegal
96%
1976 Marokko
94%
1996 Südafrika
94%
2019 Algerien
92%
1990 Algerien
92%
2013 Nigeria
92%
1994 Nigeria
92%
1980 Nigeria
92%
1982 Ghana
88%
1978 Ghana
88%
1965 Ghana
88%
1963 Ghana
88%
2004 Tunesien
88%
2023 Elfenbeinküste
87%
2015 Elfenbeinküste
87%
1992 Elfenbeinküste
87%
2017 Kamerun
87%
2002 Kamerun
87%
2000 Kamerun
87%
1988 Kamerun
87%
1984 Kamerun
87%
1968 DR Kongo
81%
1972 Republik Kongo
79%
1970 Sudan
58%
2012 Sambia
42%
1974 Zaire
23%
1962 Äthopien
0%
Keine übereinstimmenden Quizze gefunden
Verteilung der Resultate
Anzahl Personen mit jedem Resultat
Perzentil nach korrekt beantworteten Fragen
Ihre Resultats-Entwicklung
Sie haben dieses Quiz seit der letzten Aktualisierung nicht gespielt